000
00241nam a22001097a 4500
003
OSt
008
250117b |||||||| |||| 00| 0 eng d
041
_a
eng
100
_a
USDA
_9
2298
245
_a
Manual Conservation Soil and Water
942
_c
BK
999
_c
19052
_d
19052